00465nam a2200145Ia 4500008004100000020001800041082001500059100001700074245009500091260002300186300001500209500002300224650001600247700005600263120622s9999 xx 000 0 und d a1-4050-7448-5 a428 A512ui aKerr, Philip aAmerican inside out : upper intermediate : worbook / Philip Kerr ; Sue Kay ; Vaughan Jones aOxford : Macmillan a96 p. + CD aIncluye ejercicios a1. INGLÉS aI. Kay, Sue ; coaut. II. Jones, Vaughan ; coaut.Ì